000 00918nam0a2200301 4500
001 RU\NLR\BIBL_A\012178750
005 20250623222158.0
010 _96000
035 _a(NLR Aleph) 012178750
090 _a13299438
_c13299438
100 _a20200114d1970 |||y0rusy50 ca
101 0 _aaze
102 _aAZ
105 _ac z 000 y
181 0 _ai
_baxxe
182 0 _an
200 1 _aДурна ҝүнү
_eше'рләр
_fВагиф Нәсиб
203 _aТекст
_bвизуальный
_cнепосредственный
210 _aБакы
_cҜәнҹлик
_d1970
215 _a132 с.
_cпортр.
_d13
541 1 _aДень журавлей
_eстихи
686 1 _aШ6(2=Аз)7-5
700 1 _aНәсиб
_bВ.
_gВагиф
_4070
790 1 _aНасибов
_bВ. Г.
_gВагиф Гусейн оглы
_4070
852 _aNLR
_bОНЛ
_jАзерб./1-1923
942 _cBOOK
980 _aNB